00391nam a2200133Ia 4500100003100000942000700031654001300038245005500051260002800106300000900134546001200143999001700155952008500172 aMoseley/L.E./ Boodey/D.M.  cBK aComputer aMastering MS-Office Professional for Windows 95 bB.P.B.aNew Delhic1996 a1082 aENGLISH c21028d21028 001040708CRCaCRCEbCRCEd2023-03-17l0o p10308r2023-03-17w2023-03-17yBK